000 00527 a2200181 4500
001 132963
003 OSt
005 20220329143950.0
008
020 _a9781842778371
082 _a305.42
_bR13G
100 1 _aRai, Shirin M
245 1 _aThe gender politics of development : essays in hope and despair
_cby Shirin M Rai
260 _aNew Delhi
_bZubaan
_c2008
300 _a216p.
690 _aWomen in development; Developing countries; Women-Political activity
942 _2ddc
_cBK
999 _c7297
_d7297